| 000 | 00512nam a2200181Ia 4500 | ||
|---|---|---|---|
| 008 | 240925s9999 xx 000 0 und d | ||
| 020 | _a9812402470 | ||
| 082 | _a004.68 CIA | ||
| 100 | _aCiampa, Mark | ||
| 245 | 0 | _aGuide to Designing and Implementing Wireless lANs | |
| 250 | _aNA | ||
| 260 |
_aAustralia: _bThomson Learning _c,2001. |
||
| 300 |
_axiii,321p. _bNA _fPirated |
||
| 500 | _aIncludes Index | ||
| 600 | _aComputer Science | ||
| 650 | _aComputer science, information & general works | ||
| 942 | _cBK | ||
| 999 |
_c7003 _d7003 |
||